[Event "GER-chT Christmas U20 Girls"]
[Site "Playchess.com INT"]
[Date "2020.12.29"]
[Round "6.4"]
[White "Hoffmann, Sophia"]
[Black "Kogan, Dina Rachel"]
[Result "0-1"]
[WhiteElo "1266"]
[BlackElo "1360"]
[PlyCount "98"]
[EventDate "2020.12.29"]
[EventType "team-swiss (blitz)"]
[EventRounds "7"]
[EventCountry "GER"]
[SourceTitle "CBM 200 Extra"]
[Source "ChessBase"]
[SourceDate "2021.03.31"]
[SourceVersion "1"]
[SourceVersionDate "2021.03.31"]
[SourceQuality "1"]
[WhiteTeam "Karlsruhe"]
[BlackTeam "Duesseldorf"]
[WhiteTeamCountry "GER"]
[BlackTeamCountry "GER"]

1. d4 Nf6 2. Bf4 g6 3. Nf3 Bg7 4. e3 0-0 5. Bd3 d6 6. 0-0 Nbd7 7. Nbd2 Re8 8. Re1 e5 9. dxe5 dxe5 10. Bg3 e4 11. Bxe4 Nxe4 12. Nxe4 Rxe4 13. Qd5 Re8 14. Rad1 c6 15. Qb3 Qb6 16. Qc4 Nf6 17. Ng5 Be6 18. Nxe6 Rxe6 19. b3 Ne4 20. Bf4 Nc3 21. Rd3 Qb5 22. Rxc3 Bxc3 23. Qxc3 Rd8 24. Bh6 Qe5 25. Qb4 g5 26. f4 gxf4 27. Bxf4 Qb5 28. Qc3 Qh5 29. Rf1 Rg6 30. Rf3 Qg4 31. Rg3 Qd1+ 32. Kf2 Rd2+ 33. Qxd2 Qxd2+ 34. Kf3 Rxg3+ 35. Bxg3 Qxc2 36. Kf4 Qxa2 37. Kf5 Qxb3 38. Ke5 Qd5+ 39. Kf6 a5 40. Be1 a4 41. Bb4 b6 42. g4 c5 43. Ba3 Qe6+ 44. Kg5 Qxe3+ 45. Kh4 Qxa3 46. g5 Qb4+ 47. Kh5 a3 48. h4 a2 49. Kh6 Qxh4# 0-1

[Event "GER-chT U14 Girls"]
[Site "Neumuenster"]
[Date "2017.12.28"]
[Round "4.3"]
[White "Kublanov, Elizabeth"]
[Black "Kogan, Dina Rachel"]
[Result "1-0"]
[WhiteElo "1613"]
[BlackElo "1442"]
[PlyCount "81"]
[EventDate "2017.12.26"]
[EventType "team-swiss"]
[EventRounds "7"]
[EventCountry "GER"]
[SourceTitle "CBM 182 Extra"]
[Source "ChessBase"]
[SourceDate "2018.02.23"]
[SourceVersion "1"]
[SourceVersionDate "2018.02.23"]
[SourceQuality "1"]
[WhiteTeam "Solingen SG"]
[BlackTeam "Duesseldorf SK"]
[WhiteTeamCountry "GER"]
[BlackTeamCountry "GER"]

1. d4 Nf6 2. Nf3 g6 3. Bf4 Bg7 4. e3 0-0 5. Be2 d6 6. h3 Nbd7 7. 0-0 b6 8. c3 Bb7 9. Nbd2 c5 10. Re1 Ne4 11. Nxe4 Bxe4 12. Bd3 Bc6 13. Qb3 d5 14. Be2 c4 15. Qc2 b5 16. b3 f6 17. Bh2 e5 18. dxe5 fxe5 19. Rad1 Qf6 20. Rf1 Rf7 21. Bg3 Raf8 22. Qb2 a5 23. Qa3 a4 24. bxc4 bxc4 25. Nd2 e4 26. f3 Qxc3 27. Qxc3 Bxc3 28. fxe4 Rxf1+ 29. Bxf1 Bxd2 30. Rxd2 dxe4 31. Bxc4+ Kg7 32. Rd6 Rf6 33. Rd1 Rf8 34. Be1 Ne5 35. Bc3 Re8 36. Rd6 Kh6 37. Bxe5 Bb7 38. Bf4+ Kh5 39. Be2+ Kh4 40. Rd7 h5 41. Kh2 1-0

[Event "GER-chT U14 Girls"]
[Site "Duesseldorf"]
[Date "2016.12.27"]
[Round "2.3"]
[White "Kogan, Dina Rachel"]
[Black "Schilz, Tabea"]
[Result "1-0"]
[WhiteElo "1256"]
[BlackElo "1088"]
[PlyCount "47"]
[EventDate "2016.12.27"]
[EventType "team-swiss"]
[EventRounds "7"]
[EventCountry "GER"]
[SourceTitle "EXT 2018"]
[Source "ChessBase"]
[SourceDate "2017.10.13"]
[SourceVersion "1"]
[SourceVersionDate "2017.10.13"]
[SourceQuality "1"]
[WhiteTeam "Duesseldorf SK"]
[BlackTeam "Konz Karthaus"]
[WhiteTeamCountry "GER"]
[BlackTeamCountry "GER"]

1. e4 e5 2. d4 exd4 3. Qxd4 Nc6 4. Qe3 Be7 5. Nc3 d6 6. Bd2 Nf6 7. 0-0-0 0-0 8. Be2 Re8 9. Qg3 Bf8 10. f3 Nd4 11. Qf2 Nxe2+ 12. Ngxe2 Bd7 13. g4 Bc6 14. h4 d5 15. Bg5 Be7 16. e5 Nd7 17. f4 Nb6 18. Nd4 Qd7 19. Nf5 Bxg5 20. hxg5 Rad8 21. Qh4 f6 22. Qxh7+ Kf8 23. Qh8+ Kf7 24. Qxg7+ 1-0

[Event "GER-chT U14 Girls"]
[Site "Magdeburg"]
[Date "2015.12.28"]
[Round "4.4"]
[White "Kogan, Dina Rachel"]
[Black "Heinze, Vanessa"]
[Result "1-0"]
[WhiteElo "1200"]
[BlackElo "737"]
[PlyCount "75"]
[EventDate "2015.12.27"]
[EventType "team-swiss"]
[EventRounds "7"]
[EventCountry "GER"]
[SourceTitle "EXT 2017"]
[Source "ChessBase"]
[SourceDate "2016.10.25"]
[SourceVersion "1"]
[SourceVersionDate "2016.10.25"]
[SourceQuality "1"]
[WhiteTeam "Duesseldorf"]
[BlackTeam "Ammersee"]
[WhiteTeamCountry "GER"]
[BlackTeamCountry "GER"]

1. e4 e5 2. d4 exd4 3. Qxd4 Nc6 4. Qe3 Be7 5. Nc3 Nf6 6. Bd2 d6 7. 0-0-0 Bg4 8. Be2 0-0 9. h4 a5 10. h5 h6 11. Bxg4 Nxg4 12. Qg3 Nf6 13. Bxh6 g6 14. Bxf8 Qxf8 15. hxg6 fxg6 16. Nge2 Qf7 17. Qh3 Qh7 18. Qe6+ Qf7 19. Qh3 Qh7 20. Qxh7+ Nxh7 21. Rh3 Ng5 22. Rg3 a4 23. f4 Nf7 24. Rxg6+ Kf8 25. Nd5 Ra5 26. f5 Nh8 27. Nxe7 Nxe7 28. Rg3 Nc6 29. Rf1 Ra8 30. f6 Nb4 31. a3 Nc6 32. Rg7 Ra5 33. g4 Ne5 34. g5 Ng4 35. f7 Re5 36. Rg8+ Ke7 37. f8Q+ Ke6 38. Qe8# 1-0

[Event "GER-chT U14 Girls"]
[Site "Regensburg"]
[Date "2014.12.28"]
[Round "4.2"]
[White "Kogan, Dina Rachel"]
[Black "Boese, Carolin"]
[Result "0-1"]
[WhiteElo "1229"]
[BlackElo "1410"]
[PlyCount "104"]
[EventDate "2014.12.27"]
[EventType "team-swiss"]
[EventRounds "7"]
[EventCountry "GER"]
[SourceTitle "EXT 2016"]
[Source "ChessBase"]
[SourceDate "2015.10.08"]
[SourceVersion "1"]
[SourceVersionDate "2015.10.08"]
[SourceQuality "1"]
[WhiteTeam "Duesseldorf"]
[BlackTeam "Regensburg Bavaria"]
[WhiteTeamCountry "GER"]
[BlackTeamCountry "GER"]

1. e4 e5 2. Nf3 Nc6 3. d4 exd4 4. Bc4 Nf6 5. e5 d5 6. Bb5 Ne4 7. Nxd4 Bd7 8. Bxc6 bxc6 9. 0-0 Be7 10. Nd2 Nxd2 11. Bxd2 0-0 12. Re1 c5 13. Nf3 Bg4 14. h3 Bh5 15. Qe2 Qd7 16. c3 Qe6 17. Qd3 c4 18. Qe3 Rfe8 19. Ng5 Bxg5 20. Qxg5 Bg6 21. Re3 Rab8 22. Rf1 Rxb2 23. Ree1 Bd3 24. Bc1 Rxa2 25. Re3 Bxf1 26. Rg3 g6 27. Kxf1 Ra1 28. Kg1 Qxe5 29. Kh2 Qe1 30. Re3 Rxe3 31. Bxe3 Rd1 32. Qd8+ Kg7 33. Bd4+ Rxd4 34. cxd4 c6 35. f4 Qe4 36. Qg5 Qxd4 37. h4 Qf6 38. Qg3 c3 39. Qf2 h5 40. g3 d4 41. Qc2 Qf5 42. Qc1 Qd3 43. Kh3 c2 44. f5 Qxf5+ 45. Kg2 Qd3 46. Kh3 Qd1 47. Qxc2 Qxc2 48. g4 Qd3+ 49. Kg2 Qe2+ 50. Kh1 d3 51. Kg1 d2 52. Kh1 d1R# 0-1